Estudio Prc̀tico del Tratamiento Fiscal de las Asociaciones Religiosas

Bibliographic Details
Main Author: Hernǹdez Rodrg̕uez, Cecilia F.
Format: eBook
Language:Spanish
Published: Mx̌ico DF: Ediciones Fiscales ISEF, 2015
Subjects:
Online Access:Acceso restringido

MARC

LEADER 00000nam a22000007a 4500
005 20150301185240.0
007 cr|||| ||||
008 150301s2015 mx |||||s|||| 00||0 spa d
020 |a 978-368-726-872-7 
035 |a 12611 
040 |a vLex 
090 |c 5362  |d 5362 
100 1 |a Hernǹdez Rodrg̕uez, Cecilia F. 
245 1 0 |a Estudio Prc̀tico del Tratamiento Fiscal de las Asociaciones Religiosas  |h [Recurso electrn̤ico] /  |c Cecilia F. Hernǹdez Rodrg̕uez 
256 |a Servicio en ln̕ea 
260 |a Mx̌ico DF:  |b Ediciones Fiscales ISEF,  |c 2015 
300 |a 1 recurso electrn̤ico 
506 1 |a Disponible solo en los productos indicados  |d vLex Global  |d vLex Global (Academic Edition, excluding Law Schools)  |d vLex Global (U.S. Academic Edition, Law Schools)  |d vLex Global (U.S. Academic Edition, excluding Law Schools)  |d vLex Global (Academic Edition, Law Schools) 
650 0 4 |a Derecho Fiscal  |z Mx̌ico 
740 0 |a vLex Libros (Servicio en ln̕ea) 
856 4 0 |u http://vlex.com/source/estudio-practico-tratamiento-fiscal-asociaciones-religiosas-12611  |z Acceso restringido 
942 |c BOOK 
999 0 |a Tax Law